Devine le joueur - Statistiques

Statistiques générales
  • Ce quiz a été pris 130 fois
  • Le résultat moyen est 7 sur 15
Statistiques - réponses
Hint Réponse % Correct
Atletico / Barcelone / Atletico Griezmann
98%
PSG / Juventus / Benfica Di Maria
93%
Arsenal / Chelsea / Milan AC Giroud
75%
Milan AC / PSG / Chelsea Silva
75%
Bruges / PSG / Dortmund Meunier
71%
Chelsea / Inter Milan / AS Rome Lukaku
45%
Salzbourg / Leipzig / Bayern Upamecano
37%
Man United / Saragosse / Barcelone Piqué
34%
KRC Genk / Lazio / Al Hilal Milinkovic Savic
33%
Hoffenheim / Bayern / Real Madrid Alaba
28%
Saint-Priest / OL / Milan AC Kalulu
22%
Leverkusen / AC Milan / Inter Milan Calhanoglu
20%
AC Milan / Genoa / Seville Suso
9%
Betis Deportivo / Real Betis / OL Akouokou
8%
Saint-Trond / Stuttgart / Liverpool Endo
5%
Aucun quiz correspondant
Distribution des résultats
% des personnes avec chaque résultat
Percentile par nombre de réponses
Votre historique - résultats
Vous n’avez pas pris ce quiz